000 01378nam a22003617a 4500
003 CHAP
005 20220329140837.0
008 971013s1982 r 00010 d
010 _a58492
011 _a59464
035 _a63622
040 _cCHAP
090 _aTesis
100 0 0 _aVega López, Ricardo Javier.
_9118280
245 _aEfecto de la aplicación de un biestimulante enzimático y del control químico de malezas sobre la producción de calabaza (Cucurbita pepo L.) variedad Grey Zucchini en Apodaca, N.L.
260 _a(Monterrey, N.L.) :
_bEl autor,
_c1982
300 _a100 h.
_b: ilus. ; gráfs.
502 _aTesis (Ing. Agrónomo Administrador) -- ITESM. Div. de Ciencias Agropecuarias y Marítimas
590 _aALEPH
_b10
_c20130110
_lUCH01
_h1336
590 _aBATCH-UPD
_b10
_c20130110
_lUCH01
_h0117
590 _aBATCH-UPD
_b10
_c20130110
_lUCH01
_h1641
590 _aBATCH-UPD
_b10
_c20130409
_lUCH01
_h2109
590 _aBATCH-UPD
_b10
_c20130914
_lUCH01
_h0814
590 _aCONVERSION
_b10
_c20130109
_lUCH01
_h1331
650 1 4 _aCalabaza
_xMalas hierbas
_xControl.
_917282
650 1 4 _aCalabaza
_xNuevo León.
_917287
650 1 4 _aCalabaza
_xRendimiento.
_917294
650 1 4 _aCalabaza
_xVariedades.
_917301
650 1 4 _aPlantas
_xCrecimiento
_xAditivos.
_988804
901 _aBK
942 _cTESIS
949 _bBC
_cTES
_d-136792
_eTS1
_h19036
_i63622
_si
999 _c58492
_d58492